| 000 | 03798nam2a2200433 4500 | ||
|---|---|---|---|
| 001 | RU\NLR\BIBL_A\012497605 | ||
| 005 | 20230109111217.0 | ||
| 010 | _a978-5-00147-206-3 | ||
| 021 |
_aRU _bКН-П-20-077555 _9КН-П-20-5855 |
||
| 035 | _a(NLR Aleph) 012497605 | ||
| 090 |
_a12212558 _c12212558 |
||
| 100 | _a20210407d2020 u y0rusy50 ca | ||
| 101 | 0 | _arus | |
| 102 | _aRU | ||
| 105 | _aa j 000zy | ||
| 200 | 1 |
_a... по профилю "Технологии беспроводной связи" _eстудентам и преподавателям направлений бакалавриата, относящихся к группам: 02.00.00 Компьютерные и информационные науки, 09.00.00 Информатика и вычислительная техника, 10.00.00 Информационная безопасность, 11. 00.00 Электроника, радиотехника и системы связи, 27.00.00 Управление в технических системах _fА. Г. Балахчи, О. И. Бернгард, И. С. Днепров [и др.] |
|
| 210 | _d2020 | ||
| 215 |
_a166 с. _cтабл. |
||
| 300 | _aНа обороте тит.с. в макете загл. тома: Профиль "Технологии беспроводной связи" | ||
| 300 | _aАвт. указаны на обороте тит.с. | ||
| 320 | _aБиблиогр. в тексте | ||
| 461 | 0 |
_1001RU\NLR\BIBL_A\012493261 _12001#$aМатериалы заданий командной инженерной олимпиады школьников "Олимпиада Кружкового движения Национальной технологической инициативы" ...$e2019/20 учебный год$eучебно-методическое пособие$eв 28 томах$vТ. 22 _912190441 _aОлимпиада Кружкового движения Национальной технологической инициативы (2019-2020 ; Москва и др.) _cМосква _d2020 _nВаш формат _o2019/20 учебный год : учебно-методическое пособие : в 28 томах _tМатериалы заданий командной инженерной олимпиады школьников "Олимпиада Кружкового движения Национальной технологической инициативы" ... _vТ. 22 |
|
| 517 | 1 | _aПрофиль "Технологии беспроводной связи" | |
| 517 | 1 | _aТехнологии беспроводной связи | |
| 606 | 1 |
_aЛабораторные стенды _jУчебно-методические пособия для средней школы _xПрименение в радиотехнике _92473377 _3RU\NLR\AUTH\6601685759 |
|
| 606 | 1 |
_aРадиосвязь _jУчебно-методические пособия для средней школы _xОлимпиады школьные _92483790 _3RU\NLR\AUTH\6601690714 |
|
| 606 | 1 |
_aМатематика _jУчебно-методические пособия для средней школы _xОлимпиады школьные _91534665 _3RU\NLR\AUTH\66668673 |
|
| 606 | 1 |
_aМатематика _jУчебно-методические пособия для средней школы _xЗадачи _xРешение _92078426 _3RU\NLR\AUTH\661254281 |
|
| 686 | 1 | _aЗ84я721-42 | |
| 686 | 1 | _aЗ884.1я721-42 | |
| 686 | 1 | _aВ10я721-42 | |
| 701 | 1 |
_aБалахчи _bА. Г. _gАнна Георгиевна |
|
| 701 | 1 |
_aБернгард _bО. И. |
|
| 701 | 1 |
_aДнепров _bИ. С. |
|
| 942 | _cBOOK | ||
| 980 | _aNBR | ||
| 980 | _aNB | ||